| 000 | 00520nam a2200193 a 4500 | ||
|---|---|---|---|
| 001 | 1777364303402 | ||
| 003 | YourLibrary | ||
| 005 | 20260428135012.0 | ||
| 008 | 260428s2009##################000#0#eng## | ||
| 020 | _a9781433104886 | ||
| 082 | 0 | 4 |
_a381.4566342 _bWEN |
| 100 | 1 |
_aWenner, Lawrence A., _eauthor. |
|
| 245 | 1 | 0 | _aSport, Beer, and Gender : |
| 260 |
_bPeter Lang Pub Incorporated, _c2009. |
||
| 300 | _a317 pages | ||
| 650 | 0 | _aSocial Science. | |
| 942 | _cENGLISH | ||
| 040 |
_aYourLibrary _beng _cYourLibrary |
||
| 999 |
_c620230 _d620230 |
||